Statystyki dla Wszystkie jednostki administracyjne Europy z mapą

Kliknij tutaj aby rozwiązać quiz!

Ogólne statystyki

  • Ten quiz został rozwiązany 314 razy
    (298 od ostatniego zresetowania)
  • Średni wynik to 77 z 1154

Odpowiedzi na mapie

Odpowiedzi skodowane kolorowo w zielono-czerwonej skali na mapie do tego quizu, zgodnie z poniższymi procentami.
 

Statystyki odpowiedzi

PaństwoRodzajJednostka% Poprawnych
CzechyRegionKarlowe Wary
85%
PolandProvincemazowieckie
80%
PolandProvincekujawsko-pomorskie
78%
PolandProvincePodlaskie
78%
PolandProvinceLubelskie
77%
PolandProvincepomorskie
77%
PolandProvincelubuskie
76%
PolandProvincemałopolskie
76%
PolandProvinceśląskie
76%
PolandProvinceopolskie
75%
PolandProvinceświętokrzyskie
75%
PolandProvincewarmińsko-mazurskie
75%
PolandProvincewielkopolskie
75%
PolandProvincełódzkie
74%
PolandProvincezachodniopomorskie
74%
United KingdomConstituent CountryAnglia
73%
PolandProvincedolnośląskie
73%
PolandProvincepodkarpackie
73%
United KingdomConstituent CountrySzkocja
72%
NiemcyStateBerlin
71%
United KingdomConstituent CountryWalia
71%
BiałoruśRegionMińsk
69%
BiałoruśCityMińsk
69%
United KingdomProvinceIrlandia Północna
66%
UkraineRegionKijów
66%
UkraineCityKijów
66%
NiemcyStateBawaria
65%
RussiaCityMoskwa
65%
RussiaRegionMoskwa
65%
UkraineRegionLwów
62%
CzechyRegionPraga
62%
LithuaniaCountyWilno
61%
SpainAutonomous CommunityKatalonia
59%
Ukraine / RussiaCutonomous RepublicKrym
59%
RussiaRegionKaliningrad
55%
NiemcyStateSaksonia
55%
WłochyRegionSycylia
54%
NiemcyStateHamburg
53%
Vatican CityCityWatykan
53%
AustriaStateWiedeń
53%
RussiaRegionLeningradzki
52%
SpainAutonomous CommunityMadryt
52%
NorwayRegionOslo
52%
UkraineRegionDonieck
49%
WłochyRegionSardynia
48%
SwedenCountySztokholm
47%
IrlandiaCityDublin
45%
FrancjaRegionKorsyka
45%
UkraineRegionOdessa
45%
SlovakiaRegionBratysława
44%
NiemcyStateBrandenburgia
43%
WęgryCountyBudapeszt
43%
PortugalDistrictLizbona
42%
UkraineRegionŁugańsk
42%
LuxembourgCantonLuksemburg
42%
NiemcyStateSaara
42%
RomaniaMunicipalityBukareszt
41%
UkraineRegionCharków
41%
BiałoruśRegionGrodno
41%
IslandiaMunicipalityReykjavík
41%
GrecjaRegionKreta
40%
San MarinoMunicipalitySan Marino
40%
LithuaniaCountyKłajpeda
39%
Ukraine / RussiaCitySewastopol
39%
SwitzerlandCantonBerno
38%
BiałoruśRegionBrześć
38%
SpainAutonomous CommunityGalicja
38%
NiemcyStateBrema
37%
United KingdomOverseas TerritoryGibraltar
37%
SpainAutonomous CommunityKraj Basków
37%
FrancjaRegionBretania
36%
ŁotwaMunicipalityLublana
36%
AndoraParishAndora
35%
RussiaRegionMurmańsk
35%
SpainAutonomous CommunityAndaluzja
34%
SerbiaCityBelgrad
34%
MoldovaMunicipalityKiszyniów
34%
BułgariaProvinceSofia
34%
BułgariaProvinceSofia
34%
AustriaStateTyrol
34%
SwitzerlandCantonVaud
34%
ChorwacjaCityZagrzeb
34%
ChorwacjaCountyZagrzeb
34%
MonacoWardMonako
33%
BelgiaRegionFlandria
32%
RussiaRepublicKarelia
32%
DaniaRegionZelandia
32%
NetherlandsProvinceZelandia
32%
PortugalDistrictPorto
31%
NorwayTerritorySvalbard
31%
BelgiaRegionWalonia
31%
RussiaRepublicCzeczenia
30%
FrancjaRegionNormandia
30%
AlbaniaCountyTirana
30%
NiemcyStateTuryngia
30%
LiechtensteinMunicipalityVaduz
30%
SwedenCountyGotlandia
29%
United KingdomCrown DependencyJersey
29%
FinlandiaRegionLaponia
29%
DaniaConstituent CountryWyspy Owcze
29%
NiemcyStateDolna Saksonia
28%
SwitzerlandCantonGenewa
28%
RussiaRegionSmoleńsk
28%
SpainAutonomous CommunityAragonia
27%
Bośnia i HercegowinaPolitical DivisionFederacja Bośni i Hercegowiny
27%
WłochyRegionToskania
27%
SpainAutonomous CommunityWalencja
27%
NiemcyStateHesja
26%
NiemcyStateSaksonia-Anhalt
26%
RussiaRegionWołgograd
25%
UkraineRegionWołyń
25%
SwitzerlandCantonZurych
25%
UkraineRegionChersoń
24%
IrlandiaCountyCork
24%
IrlandiaCityCork
24%
NiemcyStateSzlezwik-Holsztyn
24%
UkraineRegionZakarpacie
24%
RussiaRegionArchangielsk
23%
MontenegroMunicipalityBar
23%
UkraineRegionMikołajów
23%
AustriaStateSalzburg
23%
FinlandiaRegionWyspy Alandzkie
23%
UkraineRegionZaporoże
23%
NiemcyStateBadenia-Wirtembergia
22%
SlovakiaRegionKoszyce
22%
RussiaRegionPsków
22%
SloveniaMunicipalityIvančna Gorica
21%
MoldovaAutonomous TerritoryNaddniestrze
21%
SloveniaCity MunicipalityNova Gorica
21%
Bośnia i HercegowinaPolitical DivisionRepublika Serbska
21%
RussiaRepublicDagestan
20%
United KingdomCrown DependencyGuernsey
20%
WłochyRegionLombardia
20%
NiemcyStateNadrenia-Palatynat
20%
KosowoDistrictPrisztina
20%
BiałoruśRegionHomel
19%
NiemcyStateNadrenia Północna-Westfalia
19%
WłochyRegionPiemont
19%
MontenegroMunicipalityPodgorica
19%
ChorwacjaCountyprimorsko-gorska
19%
RussiaRegionNowogród
18%
North MacedoniaMunicipalitySaraj
18%
BiałoruśRegionWitebsk
18%
NiemcyStateMeklemburgia-Pomorze Przednie
17%
GrecjaRegionPeloponez
17%
SpainAutonomous CommunityKastylia-Leon
16%
LithuaniaCountyKaunas
16%
EstoniaCountyLäänemaa
16%
CzechyRegionLiberec
16%
SpainAutonomous CommunityMurcja
16%
UkraineRegionTarnopol
16%
WłochyRegionEmilia-Romania
15%
FrancjaRegionÎle-de-France
15%
RussiaTerritoryKrasnodar
15%
WłochyRegionLazio
15%
BiałoruśRegionMohylew
15%
CzechyRegionPilzno
15%
RussiaRegionRostów nad Donem
15%
RussiaRegionAstrachań
14%
PortugalAutonomous RegionAzory
14%
AustriaStateGórna Austria
14%
UkraineRegionIwano-Frankiwsk
14%
FrancjaRegionOksytania
14%
RussiaTerritoryPerm
14%
BułgariaProvinceWarna
14%
AustriaStateDolna Austria
13%
ChorwacjaCountyIstria
13%
SloveniaCity MunicipalityMaribor
13%
UkraineRegionRówne
13%
UkraineRegionRówne
13%
UkraineRegionŻytomierz
13%
MonacoWardMonte-Carlo
12%
SpainAutonomous CommunityNawarra
12%
RussiaRegionNiżny Nowogród
12%
UkraineRegionWinnica
12%
SpainAutonomous CommunityAsturia
11%
RussiaRegionJarosław
11%
DaniaRegionJutlandia Północna
11%
WłochyRegionKalabria
11%
WłochyRegionLiguria
11%
RussiaCitySaint Petersburg
11%
AustriaStateStyria
11%
LithuaniaCountySzawle
11%
RussiaRepublicTatarstan
11%
SwedenCountyUppsala
11%
ChorwacjaCountyZadar
11%
PortugalDistrictBraga
10%
AlbaniaCountyDurres
10%
GrecjaRegionEpir
10%
NetherlandsProvinceFryzja
10%
WłochyRegionKampania
10%
RussiaRegionKursk
10%
CzechyRegionOłomuniec
10%
RussiaRegionSamara
10%
SwedenCountySkania
10%
EstoniaCountyTartu
10%
WłochyRegionApulia
9%
RussiaRegionBriańsk
9%
UkraineRegionChmielnicki
9%
FrancjaRegionGrand Est
9%
CzechyRegionKarlowe Wary
9%
AustriaStateKaryntia
9%
SloveniaCity MunicipalityKoper
9%
LithuaniaCountyMariampol
9%
SlovakiaRegionNitra
9%
RussiaRepublicOsetia Północna
9%
SlovakiaRegionPreszów
9%
RussiaRegionRiazan
9%
GrecjaRegionAttyka
8%
BułgariaProvinceBurgas
8%
UkraineRegionCzernihów
8%
PortugalDistrictFaro
8%
RussiaRepublicKomi
8%
FrancjaRegionKraj Loary
8%
RussiaAutonomous AreaNieniecki
8%
RussiaRegionOrzeł
8%
UkraineRegionPołtawa
8%
ŁotwaMunicipalityRiga
8%
RussiaRegionTwer
8%
NetherlandsProvinceUtrecht
8%
RussiaRegionWoroneż
8%
RussiaRegionBiełgorod
7%
AustriaStateBurgenland
7%
UkraineRegionDniepropetrowsk
7%
WłochyRegionFriuli-Wenecja Julijska
7%
MaltaRegionGozo
7%
RussiaRepublicKałmucja
7%
RomaniaCountyKonstanca
7%
IrlandiaCity/CountyLimerick
7%
FrancjaRegionNowa Akwitania
7%
KosowoDistrictPeć
7%
LithuaniaCountyPoniewież
7%
CzechyRegionśrodkowoczeski
7%
NorwayRegionTroms og Finnmark
7%
RussiaRegionTuła
7%
WłochyRegionUmbria
7%
CzechyRegionZlin
7%
WłochyRegionAbruzja
6%
SwitzerlandCantonBasel-Stadt
6%
UkraineRegionCzerniowce
6%
IrlandiaCityGalway
6%
IrlandiaCountyGalway
6%
SwedenCountyKalmar
6%
SpainAutonomous CommunityKastylia-La Mancha
6%
CzechyRegionPardubice
6%
BułgariaProvincePłowdiw
6%
MaltaRegionPołudniowe
6%
CzechyRegionpołudniowoczeski
6%
DaniaRegionRegion Stołeczny
6%
RussiaRegionSaratów
6%
EstoniaCountySarema
6%
RussiaTerritoryStawropol
6%
SlovakiaRegionŻylina
6%
RussiaRepublicBaszkiria
5%
RomaniaCountyCluj
5%
UkraineRegionCzerkasy
5%
WłochyRegionDolina Aosty
5%
MoldovaAutonomous TerritoryGagauzja
5%
NetherlandsProvinceGroningen
5%
WęgryCountyGyőr-Moson-Sopron
5%
EstoniaCountyHiiu
5%
RussiaRepublicInguszetia
5%
DaniaRegionJutlandia Środkowa
5%
FinlandiaRegionKarelia Północna
5%
RussiaRegionKirow
5%
SloveniaMunicipalityLuče
5%
RussiaRepublicMari El
5%
CzechyRegionmorawsko-śląski
5%
NorwayRegionNordland
5%
RussiaRegionOrenburg
5%
CzechyRegionpołudniowomorawski
5%
LiechtensteinMunicipalitySchaan
5%
NorwayRegionTrøndelag
5%
AustriaStateVorarlberg
5%
WłochyRegionWenecja Euganejska
5%
RussiaRegionWłodzimierz
5%
GrecjaRegionWyspy Jońskie
5%
WłochyRegionBasilicata
4%
Bośnia i HercegowinaDistrictBrczko
4%
SloveniaCity MunicipalityCelje
4%
PortugalDistrictCoimbra
4%
SwedenCountyDalarna
4%
SpainAutonomous CommunityEstremadura
4%
SwedenCountyHalland
4%
NetherlandsProvinceHolandia Północna
4%
NetherlandsProvinceHolandia Południowa
4%
RussiaRegionIwanowo
4%
RomaniaCountyJassy
4%
RussiaRegionKaługa
4%
FinlandiaRegionKarelia Południowa
4%
SpainAutonomous CommunityLa Rioja
4%
RussiaRegionLipieck
4%
WłochyRegionMarche
4%
ChorwacjaCountyosijecko-barańska
4%
FrancjaRegionOwernia-Rodan-Alpy
4%
MaltaRegionPółnocne
4%
FrancjaRegionProwansja-Alpy-Lazurowe
Wybrzeże
4%
FrancjaRegionRegion Centralny
4%
BelgiaRegionRegion Stołeczny Brukseli
4%
BułgariaProvinceStara Zagora
4%
LithuaniaCountyTaurogi
4%
GrecjaRegionTesalia
4%
SlovakiaRegionTrnawa
4%
WęgryCountyVas
4%
RussiaRegionWołogda
4%
RussiaRepublicAdygeja
3%
NorwayRegionAgder
3%
LithuaniaCountyAlytus
3%
SwitzerlandCantonAppenzell Ausserrhoden
3%
RomaniaCountyArad
3%
PortugalDistrictBeja
3%
SwedenCountyBlekinge
3%
NetherlandsProvinceBrabancja Północna
3%
SlovakiaRegionBystrzyca
3%
SpainAutonomous CommunityCantabria
3%
ŁotwaMunicipalityDaugavpils
3%
ŁotwaMunicipalityDaugavpils
3%
SwitzerlandCantonGryzonia
3%
SloveniaMunicipalityIg
3%
NorwayRegionInnlandet
3%
SwedenCountyJämtland
3%
SwedenCountyJönköping
3%
UkraineRegionKirowohrad
3%
RussiaRegionKostroma
3%
MontenegroMunicipalityKotor
3%
ŁotwaMunicipalityLiepāja
3%
SloveniaCity MunicipalityLjubljana
3%
SwitzerlandCantonLucerna
3%
WłochyRegionMolise
3%
NorwayRegionMøre og Romsdal
3%
SwitzerlandCantonNeuchâtel
3%
SwedenCountyÖrebro
3%
SwedenCountyÖstergötland
3%
RussiaRegionPenza
3%
NorwayRegionRogaland
3%
BułgariaProvinceRuse
3%
SloveniaMunicipalityRuše
3%
RussiaRegionTambow
3%
SlovakiaRegionTrenczyn
3%
WłochyRegionTrydent-Górna Adyga
3%
LithuaniaCountyUciana
3%
RussiaRepublicUdmurcja
3%
RussiaRegionUljanowsk
3%
FinlandiaRegionUusimaa
3%
NorwayRegionVestland
3%
AlbaniaCountyWlora
3%
IslandiaMunicipalityAkureyri
2%
RomaniaCountyAlba
2%
ŁotwaMunicipalityApe
2%
GrecjaAutonomous RegionAthos
2%
PortugalDistrictAveiro
2%
MoldovaMunicipalityBielce
2%
ChorwacjaCountybielowarsko-bilogorska
2%
North MacedoniaMunicipalityBitola
2%
FrancjaRegionBurgundia-Franche-Comté
2%
MaltaRegionCentralne
2%
RussiaRepublicCzuwaszja
2%
BułgariaProvinceDobricz
2%
AlbaniaCountyElbasan
2%
PortugalDistrictÉvora
2%
AlbaniaCountyFier
2%
FinlandiaRegionFinlandia Południowo-Zachodnia
2%
FinlandiaRegionFinlandia Środkowa
2%
SwitzerlandCantonFryburg
2%
RomaniaCountyGalați
2%
SwedenCountyGävleborg
2%
NetherlandsProvinceGeldria
2%
RomaniaCountyIlfov
2%
RussiaRepublicKabardo-Bałkaria
2%
RussiaRepublicKaraczajo-Czerkiesja
2%
SloveniaCity MunicipalityKranj
2%
SloveniaMunicipalityKranjska Gora
2%
ChorwacjaCountykrapińsko-zagorska
2%
SwedenCountyKronoberg
2%
AlbaniaCountyKukës
2%
ChorwacjaCountylicko-seńska
2%
NetherlandsProvinceLimburg
2%
BułgariaProvinceŁowecz
2%
RussiaRepublicMordwa
2%
SloveniaCity MunicipalityMurska Sobota
2%
SwedenCountyNorrbotten
2%
SloveniaCity MunicipalityNovo Mesto
2%
RomaniaCountyOlt
2%
FinlandiaRegionOstrobotnia
2%
FinlandiaRegionOstrobotnia Północna
2%
FinlandiaRegionOstrobotnia Południowa
2%
FinlandiaRegionOstrobotnia Środkowa
2%
FinlandiaRegionPäijät-Häme
2%
EstoniaCountyParnawa
2%
BułgariaProvincePernik
2%
BułgariaProvincePlewen
2%
BułgariaProvinceRazgrad
2%
SwitzerlandCantonSankt Gallen
2%
PortugalDistrictSantarém
2%
FinlandiaRegionSawonia Północna
2%
FinlandiaRegionSawonia Południowa
2%
PortugalDistrictSetúbal
2%
ChorwacjaCountysisacko-moslawińska
2%
IrlandiaCountySligo
2%
SwedenCountySödermanland
2%
AlbaniaCountySzkodra
2%
SwitzerlandCantonTessyn
2%
North MacedoniaMunicipalityTetowo
2%
SwitzerlandCantonUri
2%
CzechyRegionUście nad Łabą
2%
ChorwacjaCountyVaraždin
2%
SwedenCountyVärmland
2%
SwedenCountyVästerbotten
2%
SwedenCountyVästernorrland
2%
SloveniaCity MunicipalityVelenje
2%
NorwayRegionVestfold og Telemark
2%
NorwayRegionViken
2%
SwitzerlandCantonWallis
2%
BułgariaProvinceWidyń
2%
CzechyRegionWysoczyna
2%
SwitzerlandCantonZug
2%
ŁotwaMunicipalityĀdaži
1%
ŁotwaMunicipalityAgłona
1%
ŁotwaMunicipalityAizkraukle
1%
ŁotwaMunicipalityAizpute
1%
IslandiaMunicipalityAkranes
1%
ŁotwaMunicipalityAloja
1%
ŁotwaMunicipalityAlsunga
1%
ŁotwaMunicipalityAlūksne
1%
MontenegroMunicipalityAndrijevica
1%
SwitzerlandCantonAppenzell Innerrhoden
1%
RomaniaCountyArgeș
1%
SwitzerlandCantonArgowia
1%
ŁotwaMunicipalityAuce
1%
RomaniaCountyBacau
1%
WęgryCountyBács-Kiskun
1%
SwitzerlandCantonBasel-Landschaft
1%
ŁotwaMunicipalityBauska
1%
SpainAutonomous CommunityBeleary
1%
MoldovaMunicipalityBendery
1%
AlbaniaCountyBerat
1%
BułgariaProvinceBłagojewgrad
1%
SloveniaMunicipalityBled
1%
IslandiaMunicipalityBlönduós
1%
SloveniaMunicipalityBohinj
1%
IslandiaMunicipalityBolungarvík
1%
RomaniaCountyBotoșani
1%
SloveniaMunicipalityBovec
1%
PortugalDistrictBragança
1%
RomaniaCountyBrașov
1%
MontenegroMunicipalityBudva
1%
RomaniaCountyCălăraşi
1%
MoldovaDistrictCălăraşi
1%
AndoraParishCanillo
1%
RomaniaCountyCaraș-Severin
1%
PortugalDistrictCastelo Branco
1%
IrlandiaCountyCavan
1%
SloveniaMunicipalityCerknica
1%
MontenegroMunicipalityCetynia
1%
BułgariaProvinceChaskowo
1%
IrlandiaCountyClare
1%
SloveniaMunicipalityČrnomelj
1%
North MacedoniaMunicipalityCzaszka
1%
ŁotwaMunicipalityDagda
1%
DaniaRegionDania Południowa
1%
North MacedoniaMunicipalityDebar
1%
North MacedoniaMunicipalityDełczewo
1%
AlbaniaCountyDibra
1%
LuxembourgCantonDiekirch
1%
ŁotwaMunicipalityDobele
1%
RomaniaCountyDolj
1%
SloveniaMunicipalityDomžale
1%
IrlandiaCountyDonegal
1%
SloveniaMunicipalityDravograd
1%
NetherlandsProvinceDrenthe
1%
ChorwacjaCountydubrownicko-neretwiańska
1%
AndoraParishEncamp
1%
AndoraParishEscaldes-Engordany
1%
LuxembourgCantonEsch-sur-Alzette
1%
WęgryCountyFejér
1%
NetherlandsProvinceFlevoland
1%
BułgariaProvinceGabrowo
1%
North MacedoniaMunicipalityGewgelija
1%
AlbaniaCountyGjirokastër
1%
SwitzerlandCantonGlarus
1%
SloveniaMunicipalityGornji Grad
1%
North MacedoniaMunicipalityGostiwar
1%
SloveniaMunicipalityGrad
1%
SloveniaMunicipalityGrosuplje
1%
PortugalDistrictGuarda
1%
WęgryCountyHajdú-Bihar
1%
EstoniaCountyHarjumaa
1%
SloveniaMunicipalityHrpelje-Kozina
1%
SloveniaMunicipalityIzola
1%
BułgariaProvinceJamboł
1%
EstoniaCountyJärvamaa
1%
WęgryCountyJász-Nagykun-Szolnok
1%
ŁotwaMunicipalityJēkabpils
1%
ŁotwaMunicipalityJēkabpils
1%
SloveniaMunicipalityJesenice
1%
EstoniaCountyJõgeva
1%
SwitzerlandCantonJura
1%
ŁotwaMunicipalityJūrmala
1%
MoldovaDistrictKaguł
1%
FinlandiaRegionKainuu
1%
SloveniaMunicipalityKamnik
1%
FinlandiaRegionKanta-Häme
1%
ChorwacjaCountyKarlovac
1%
IrlandiaCountyKerry
1%
North MacedoniaMunicipalityKiczewo
1%
IrlandiaCountyKildare
1%
BułgariaProvinceKiustendił
1%
SloveniaMunicipalityKobarid
1%
SloveniaMunicipalityKočevje
1%
North MacedoniaMunicipalityKoczani
1%
MontenegroMunicipalityKolašin
1%
WęgryCountyKomárom-Esztergom
1%
AlbaniaCountyKorcza
1%
North MacedoniaMunicipalityKratowo
1%
North MacedoniaMunicipalityKriwa Pałanka
1%
SloveniaMunicipalityKrško
1%
North MacedoniaMunicipalityKumanovo
1%
FinlandiaRegionKymenlaakso
1%
BułgariaProvinceKyrdżali
1%
AndoraParishLa Massana
1%
IrlandiaCountyLaois
1%
SloveniaMunicipalityLaško
1%
PortugalDistrictLeiria
1%
SloveniaMunicipalityLendava
1%
AlbaniaCountyLezha
1%
ŁotwaMunicipalityLimbaži
1%
SloveniaMunicipalityLitija
1%
SloveniaMunicipalityLjutomer
1%
SloveniaMunicipalityLog-Dragomer
1%
IrlandiaCountyLouth
1%
United KingdomCrown DependencyMab
1%
GrecjaRegionMacedonia Centralna
1%
ŁotwaMunicipalityMadona
1%
North MacedoniaMunicipalityMakedonska Kamenica
1%
North MacedoniaMunicipalityMakedonski Brod
1%
RomaniaCountyMarmarosz
1%
IrlandiaCountyMayo
1%
IrlandiaCountyMeath
1%
SloveniaMunicipalityMedvode
1%
RomaniaCountyMehedinți
1%
LuxembourgCantonMersch
1%
SloveniaMunicipalityMetlika
1%
SloveniaMunicipalityMežica
1%
SloveniaMunicipalityMiren-Kostanjevica
1%
KosowoDistrictMitrowica
1%
BułgariaProvinceMontana
1%
SloveniaMunicipalityMoravče
1%
SwitzerlandCantonNidwalden
1%
MontenegroMunicipalityNikšić
1%
MoldovaDistrictNisporeni
1%
SerbiaDistrictniszawski
1%
FrancjaRegionNord-Pas-de-Calais
1%
SwitzerlandCantonObwalden
1%
IrlandiaCountyOffaly
1%
ŁotwaMunicipalityOgre
1%
North MacedoniaMunicipalityOhrid
1%
AndoraParishOrdino
1%
NetherlandsProvinceOverijssel
1%
BułgariaProvincePazardżik
1%
WęgryCountyPeszt
1%
North MacedoniaMunicipalityPetrovec
1%
SloveniaMunicipalityPiran
1%
FinlandiaRegionPirkanmaa
1%
EstoniaCountyPõlva
1%
PortugalDistrictPortalegre
1%
SloveniaMunicipalityPostojna
1%
RomaniaCountyPrahova
1%
KosovoDistrictPrizren
1%
SloveniaCity MunicipalityPtuj
1%
SloveniaMunicipalityRače–Fram
1%
EstoniaCountyRapla
1%
SerbiaDistrictRaška
1%
North MacedoniaMunicipalityResen
1%
SloveniaMunicipalityRibnica
1%
SloveniaMunicipalityRibnica na Pohorju
1%
SloveniaMunicipalityRogaška Slatina
1%
AndoraParishSant Julià de Lòria
1%
FinlandiaRegionSatakunta
1%
RomaniaCountySatu Mare
1%
SwitzerlandCantonSchwyz
1%
SloveniaMunicipalityŠenčur
1%
San MarinoMunicipalitySerravalle
1%
ŁotwaMunicipalitySigulda
1%
BułgariaProvinceSilistra
1%
SloveniaMunicipalityŠkofja Loka
1%
BułgariaProvinceSliwen
1%
SloveniaCity MunicipalitySlovenj Gradec
1%
SloveniaMunicipalitySlovenska Bistrica
1%
SloveniaMunicipalitySolčava
1%
SwitzerlandCantonSolura
1%
WęgryCountySomogy
1%
IrlandiaCountySouth Dublin
1%
ChorwacjaCountysplicko-dalmatyńska
1%
North MacedoniaMunicipalityStruga
1%
North MacedoniaMunicipalityStrumica
1%
RomaniaCountySuceava
1%
SwitzerlandCantonSzafuza
1%
North MacedoniaMunicipalitySztip
1%
BułgariaProvinceSzumen
1%
ChorwacjaCountyszybenicko-knińska
1%
RomaniaCountyTeleorman
1%
LithuaniaCountyTelšiai
1%
RomaniaCountyTemesz
1%
MontenegroMunicipalityTivat
1%
SloveniaMunicipalityTolmin
1%
WęgryCountyTolna
1%
SloveniaMunicipalityTrbovlje
1%
SloveniaMunicipalityTržič
1%
SwitzerlandCantonTurgowia
1%
BułgariaProvinceTyrgowiszte
1%
KosowoDistrictUroševac
1%
RomaniaCountyVâlcea
1%
EstoniaCountyValga
1%
ŁotwaMunicipalityValmiera
1%
SwedenCountyVästmanland
1%
SwedenCountyVästra Götaland
1%
SloveniaMunicipalityVelike Lašče
1%
IslandiaMunicipalityVestmannaeyjar
1%
WęgryCountyVeszprém
1%
PortugalDistrictViana do Castelo
1%
PortugalDistrictVila Real
1%
EstoniaCountyViljandi
1%
EstoniaCountyVirumaa Wschodnia
1%
EstoniaCountyVirumaa Zachodnia
1%
PortugalDistrictViseu
1%
EstoniaCountyVõru
1%
SloveniaMunicipalityVransko
1%
ChorwacjaCountyvukowarsko-srijemska
1%
IrlandiaCity/CountyWaterford
1%
North MacedoniaMunicipalityWeles
1%
IrlandiaCountyWestmeath
1%
IrlandiaCountyWexford
1%
BułgariaProvinceWielkie Tyrnowo
1%
BułgariaProvinceWraca
1%
MontenegroMunicipalityŽabljak
1%
GrecjaRegionZachodnia Grecja
1%
SloveniaMunicipalityZagorje ob Savi
1%
WęgryCountyZala
1%
SloveniaMunicipalityŽelezniki
1%
San MarinoMunicipalityAcquaviva
0%
North MacedoniaMunicipalityAerodrom
0%
SloveniaMunicipalityAjdovščina
0%
ŁotwaMunicipalityAknīste
0%
IslandiaMunicipalityAkrahreppur
0%
ŁotwaMunicipalityAmata
0%
MoldovaDistrictAnenii Noi
0%
SloveniaMunicipalityAnkaran
0%
SloveniaMunicipalityApače
0%
North MacedoniaMunicipalityAraczinowo
0%
IslandiaMunicipalityÁrborg
0%
IslandiaMunicipalityÁrneshreppur
0%
IslandiaMunicipalityÁsahreppur
0%
ŁotwaMunicipalityBabīte
0%
ŁotwaMunicipalityBaldone
0%
ŁotwaMunicipalityBaltinava
0%
ŁotwaMunicipalityBalvi
0%
LiechtensteinMunicipalityBalzers
0%
MoldovaDistrictBasarabeasca
0%
WęgryCountyBékés
0%
SloveniaMunicipalityBeltinci
0%
SloveniaMunicipalityBenedikt
0%
MontenegroMunicipalityBerane
0%
North MacedoniaMunicipalityBerowo
0%
ŁotwaMunicipalityBeverīna
0%
RomaniaCountyBihor
0%
MontenegroMunicipalityBijelo Polje
0%
SloveniaMunicipalityBistrica ob Sotli
0%
RomaniaCountyBistrița-Năsăud
0%
IslandiaMunicipalityBláskógabyggð
0%
SloveniaMunicipalityBloke
0%
North MacedoniaMunicipalityBogdanci
0%
North MacedoniaMunicipalityBogowińe
0%
IslandiaMunicipalityBorgarbyggð
0%
IslandiaMunicipalityBorgarfjarðarhreppur
0%
San MarinoMunicipalityBorgo Maggiore
0%
SloveniaMunicipalityBorovnica
0%
SerbiaDistrictborski
0%
WęgryCountyBorsod-Abaúj-Zemplén
0%
North MacedoniaMunicipalityBosiłowo
0%
RomaniaCountyBrăila
0%
SerbiaDistrictBraničevo
0%
SloveniaMunicipalityBraslovče
0%
SloveniaMunicipalityBrda
0%
SloveniaMunicipalityBrežice
0%
SloveniaMunicipalityBrezovica
0%
ŁotwaMunicipalityBrocēni
0%
ChorwacjaCountyBrod-Posavina
0%
North MacedoniaMunicipalityBrwenica
0%
MoldovaDistrictBryczany
0%
ŁotwaMunicipalityBurtnieki
0%
North MacedoniaMunicipalityButel
0%
RomaniaCountyBuzau
0%
North MacedoniaMunicipalityČair
0%
SloveniaMunicipalityCankova
0%
MoldovaDistrictCantemir
0%
LuxembourgCantonCapellen
0%
IrlandiaCountyCarlow
0%
ŁotwaMunicipalityCarnikava
0%
MoldovaDistrictCăușeni
0%
North MacedoniaMunicipalityCentar
0%
SloveniaMunicipalityCerklje na Gorenjskem
0%
SloveniaMunicipalityCerkno
0%
SloveniaMunicipalityCerkvenjak
0%
ŁotwaMunicipalityCēsis
0%
ŁotwaMunicipalityCesvaine
0%
San MarinoMunicipalityChiesanuova
0%
ŁotwaMunicipalityCibla
0%
MoldovaDistrictCimișlia
0%
SloveniaMunicipalityCirkulane
0%
LuxembourgCantonClervaux
0%
RomaniaCountyCovasna
0%
SloveniaMunicipalityČrenšovci
0%
MoldovaDistrictCriuleni
0%
SloveniaMunicipalityČrna na Koroškem
0%
WęgryCountyCsongrád
0%
North MacedoniaMunicipalityCzeszinowo-Obleszewo
0%
North MacedoniaMunicipalityCzuczer-Sandewo
0%
IslandiaMunicipalityDalabyggð
0%
IslandiaMunicipalityDalvíkurbyggð
0%
MontenegroMunicipalityDanilovgrad
0%
North MacedoniaMunicipalityDebarca
0%
North MacedoniaMunicipalityDemir Hisar
0%
North MacedoniaMunicipalityDemir Kapija
0%
SloveniaMunicipalityDestrnik
0%
SloveniaMunicipalityDivača
0%
KosowoDistrictDjakowica
0%
IslandiaMunicipalityDjúpavogshreppur
0%
SloveniaMunicipalityDobje
0%
SloveniaMunicipalityDobrepolje
0%
SloveniaMunicipalityDobrna
0%
SloveniaMunicipalityDobrova–Polhov Gradec
0%
SloveniaMunicipalityDobrovnik
0%
North MacedoniaMunicipalityDojran
0%
SloveniaMunicipalityDolenjske Toplice
0%
North MacedoniaMunicipalityDolneni
0%
SloveniaMunicipalityDol pri Ljubljani
0%
San MarinoMunicipalityDomagnano
0%
MoldovaDistrictDondușeni
0%
SloveniaMunicipalityDornava
0%
MoldovaDistrictDrochia
0%
MoldovaDistrictDubosary
0%
ŁotwaMunicipalityDundaga
0%
IrlandiaCountyDún Laoghaire-Rathdown
0%
SloveniaMunicipalityDuplek
0%
ŁotwaMunicipalityDurbe
0%
RomaniaCountyDymbowica
0%
North MacedoniaMunicipalityDźorcze Petrow
0%
LuxembourgCantonEchternach
0%
ŁotwaMunicipalityEngure
0%
ŁotwaMunicipalityĒrgļi
0%
LiechtensteinMunicipalityEschen
0%
IslandiaMunicipalityEyjafjarðarsveit
0%
IslandiaMunicipalityEyja- og Miklaholtshreppur
0%
San MarinoMunicipalityFaetano
0%
MoldovaDistrictFălești
0%
IrlandiaCountyFingal
0%
San MarinoMunicipalityFiorentino
0%
IslandiaMunicipalityFjallabyggð
0%
IslandiaMunicipalityFjarðabyggð
0%
IslandiaMunicipalityFljótsdalshérað
0%
IslandiaMunicipalityFljótsdalshreppur
0%
IslandiaMunicipalityFlóahreppur
0%
MoldovaDistrictFlorești
0%
MonacoWardFontvieille
0%
LiechtensteinMunicipalityGamprin
0%
IslandiaMunicipalityGarðabær
0%
ŁotwaMunicipalityGarkalne
0%
North MacedoniaMunicipalityGazi Baba
0%
RomaniaCountyGiurgiu
0%
MoldovaDistrictGlodeni
0%
KosowoDistrictGnjilane
0%
SloveniaMunicipalityGorenja Vas–Poljane
0%
SloveniaMunicipalityGorišnica
0%
RomaniaCountyGorj
0%
SloveniaMunicipalityGorje
0%
SloveniaMunicipalityGornja Radgona
0%
SloveniaMunicipalityGornji Petrovci
0%
North MacedoniaMunicipalityGradsko
0%
GrecjaRegionGrecja Centralna
0%
LuxembourgCantonGrevenmacher
0%
IslandiaMunicipalityGrímsnes- og Grafningshreppur
0%
IslandiaMunicipalityGrindavíkurbær
0%
ŁotwaMunicipalityGrobiņa
0%
IslandiaMunicipalityGrundarfjarðarbær
0%
IslandiaMunicipalityGrýtubakkahreppur
0%
ŁotwaMunicipalityGulbene
0%
MontenegroMunicipalityGusinje
0%
IslandiaMunicipalityHafnarfjörður
0%
SloveniaMunicipalityHajdina
0%
RomaniaCountyHarghita
0%
IslandiaMunicipalityHelgafellssveit
0%
MontenegroMunicipalityHerceg Novi
0%
WęgryCountyHeves
0%
MoldovaDistrictHîncești
0%
SloveniaMunicipalityHoče–Slivnica
0%
SloveniaMunicipalityHodoš
0%
IslandiaMunicipalityHörgársveit
0%
SloveniaMunicipalityHorjul
0%
IslandiaMunicipalityHornafjörður
0%
SloveniaMunicipalityHrastnik
0%
IslandiaMunicipalityHrunamannahreppur
0%
IslandiaMunicipalityHúnaþing vestra
0%
IslandiaMunicipalityHúnavatnshreppur
0%
RomaniaCountyHunedoara
0%
IslandiaMunicipalityHvalfjarðarsveit
0%
IslandiaMunicipalityHveragerði
0%
MoldovaDistrictIaloveni
0%
SloveniaMunicipalityIdrija
0%
ŁotwaMunicipalityIecava
0%
ŁotwaMunicipalityIkšķile
0%
North MacedoniaMunicipalityIlinden
0%
SloveniaMunicipalityIlirska Bistrica
0%
ŁotwaMunicipalityIlūkste
0%
ŁotwaMunicipalityInčukalns
0%
IslandiaMunicipalityÍsafjarðarbær
0%
SerbiaDistrictjablanicki
0%
RomaniaCountyJałomica
0%
MonacoWardJardin Exotique
0%
ŁotwaMunicipalityJaunjelgava
0%
ŁotwaMunicipalityJaunpiebalga
0%
ŁotwaMunicipalityJaunpils
0%
MoldovaDistrictJedyńce
0%
North MacedoniaMunicipalityJegunowce
0%
ŁotwaMunicipalityJelgava
0%
ŁotwaMunicipalityJelgava
0%
SloveniaMunicipalityJezersko
0%
SloveniaMunicipalityJuršinci
0%
IslandiaMunicipalityKaldrananeshreppur
0%
SloveniaMunicipalityKanal
0%
ŁotwaMunicipalityKandava
0%
North MacedoniaMunicipalityKarbinci
0%
North MacedoniaMunicipalityKarpoš
0%
ŁotwaMunicipalityKārsava
0%
North MacedoniaMunicipalityKawadarci
0%
ŁotwaMunicipalityĶegums
0%
ŁotwaMunicipalityĶekava
0%
SloveniaMunicipalityKidričevo
0%
IrlandiaCountyKilkenny
0%
North MacedoniaMunicipalityKiseła Woda
0%
IslandiaMunicipalityKjósarhreppur
0%
SloveniaMunicipalityKobilje
0%
ŁotwaMunicipalityKocēni
0%
ŁotwaMunicipalityKoknese
0%
SerbiaDistrictKolubara
0%
SloveniaMunicipalityKomen
0%
SloveniaMunicipalityKomenda
0%
WęgryCountyKomitat Baranya
0%
North MacedoniaMunicipalityKoncze
0%
IslandiaMunicipalityKópavogur
0%
ChorwacjaCountykopriwnicko-kriżewczyńska
0%
SloveniaMunicipalityKostanjevica na Krki
0%
SloveniaMunicipalityKostel
0%
SloveniaMunicipalityKozje
0%
ŁotwaMunicipalityKrāslava
0%
ŁotwaMunicipalityKrimulda
0%
North MacedoniaMunicipalityKrivogaštani
0%
SloveniaMunicipalityKriževci
0%
ŁotwaMunicipalityKrustpils
0%
North MacedoniaMunicipalityKruszewo
0%
ŁotwaMunicipalityKuldīga
0%
SloveniaMunicipalityKungota
0%
SloveniaMunicipalityKuzma
0%
MonacoWardLa Condamine
0%
IslandiaMunicipalityLanganesbyggð
0%
MonacoWardLa Rousse
0%
MonacoWardLarvotto
0%
IrlandiaCountyLeitrim
0%
SloveniaMunicipalityLenart
0%
MoldovaDistrictLeova
0%
MonacoWardLes Moneghetti
0%
ŁotwaMunicipalityLielvārde
0%
ŁotwaMunicipalityLīgatne
0%
North MacedoniaMunicipalityLipkowo
0%
ŁotwaMunicipalityLīvāni
0%
SloveniaMunicipalityLjubno
0%
SloveniaMunicipalityLogatec
0%
IrlandiaCountyLongford
0%
SloveniaMunicipalityLoška Dolina
0%
SloveniaMunicipalityLoški Potok
0%
SloveniaMunicipalityLovrenc na Pohorju
0%
North MacedoniaMunicipalityLozovo
0%
ŁotwaMunicipalityLudza
0%
SloveniaMunicipalityLukovica
0%
SerbiaDistrictmaczwański
0%
SloveniaMunicipalityMajšperk
0%
SloveniaMunicipalityMakole
0%
ŁotwaMunicipalityMālpils
0%
SloveniaMunicipalityMarkovci
0%
ŁotwaMunicipalityMārupe
0%
RomaniaCountyMarusza
0%
LiechtensteinMunicipalityMauren
0%
North MacedoniaMunicipalityMavrovo and Rostuša
0%
ŁotwaMunicipalityMazsalaca
0%
ChorwacjaCountymedzimurska
0%
SloveniaMunicipalityMengeš
0%
ŁotwaMunicipalityMērsrags
0%
SloveniaMunicipalityMiklavž na Dravskem Polju
0%
SloveniaMunicipalityMirna
0%
SloveniaMunicipalityMirna Peč
0%
SloveniaMunicipalityMislinja
0%
North MacedoniaMunicipalityMogila
0%
MontenegroMunicipalityMojkovac
0%
SloveniaMunicipalityMokronog-Trebelno
0%
IrlandiaCountyMonaghan
0%
San MarinoMunicipalityMontegiardino
0%
SloveniaMunicipalityMoravske Toplice
0%
IslandiaMunicipalityMosfellsbær
0%
SloveniaMunicipalityMozirje
0%
SloveniaMunicipalityMuta
0%
IslandiaMunicipalityMýrdalshreppur
0%
North MacedoniaMunicipalityNagoriczane
0%
SloveniaMunicipalityNaklo
0%
ŁotwaMunicipalityNaukšēni
0%
SloveniaMunicipalityNazarje
0%
RomaniaCountyNeamț
0%
North MacedoniaMunicipalityNegotino
0%
ŁotwaMunicipalityNereta
0%
ŁotwaMunicipalityNīca
0%
WęgryCountyNógrád
0%
IslandiaMunicipalityNorðurþing
0%
North MacedoniaMunicipalityNovaci
0%
North MacedoniaMunicipalityNovo Selo
0%
MoldovaDistrictOcnița
0%
SloveniaMunicipalityOdranci
0%
ŁotwaMunicipalityOlaine
0%
IslandiaMunicipalityÖlfus
0%
SloveniaMunicipalityOplotnica
0%
MoldovaDistrictOrgiejów
0%
SloveniaMunicipalityOrmož
0%
SloveniaMunicipalityOsilnica
0%
ŁotwaMunicipalityOzolnieki
0%
ŁotwaMunicipalityPārgauja
0%
ŁotwaMunicipalityPāvilosta
0%
SerbiaDistrictpczyński
0%
North MacedoniaMunicipalityPehčevo
0%
SloveniaMunicipalityPesnica
0%
MontenegroMunicipalityPetnjica
0%
SerbiaDistrictPirot
0%
SloveniaMunicipalityPivka
0%
LiechtensteinMunicipalityPlanken
0%
North MacedoniaMunicipalityPlasnica
0%
MontenegroMunicipalityPlav
0%
ŁotwaMunicipalityPļaviņas
0%
MontenegroMunicipalityPljevlja
0%
MontenegroMunicipalityPlužine
0%
SloveniaMunicipalityPodčetrtek
0%
SloveniaMunicipalityPodlehnik
0%
SerbiaDistrictpodunajski
0%
SloveniaMunicipalityPodvelka
0%
SloveniaMunicipalityPoljčane
0%
SerbiaDistrictpółnocnobacki
0%
SerbiaDistrictpółnocnobanacki
0%
SerbiaDistrictpołudniowobacki
0%
SerbiaDistrictpołudniowobanacki
0%
MaltaRegionPołudniowo-wschodnie
0%
SloveniaMunicipalityPolzela
0%
SerbiaDistrictpomorawski
0%
ChorwacjaCountypożedzko-slawońska
0%
SloveniaMunicipalityPrebold
0%
SloveniaMunicipalityPreddvor
0%
ŁotwaMunicipalityPreiļi
0%
SloveniaMunicipalityPrevalje
0%
ŁotwaMunicipalityPriekule
0%
ŁotwaMunicipalityPriekuļi
0%
North MacedoniaMunicipalityPrilep
0%
North MacedoniaMunicipalityProbištip
0%
SloveniaMunicipalityPuconci
0%
SloveniaMunicipalityRadeče
0%
SloveniaMunicipalityRadenci
0%
SloveniaMunicipalityRadlje ob Dravi
0%
North MacedoniaMunicipalityRadoviš
0%
SloveniaMunicipalityRadovljica
0%
IslandiaMunicipalityRangárþing eystra
0%
IslandiaMunicipalityRangárþing ytra
0%
North MacedoniaMunicipalityRankovce
0%
SerbiaDistrictrasiński
0%
ŁotwaMunicipalityRauna
0%
MonacoWardRavin de Sainte-Dévote
0%
SloveniaMunicipalityRavne na Koroškem
0%
SloveniaMunicipalityRazkrižje
0%
SloveniaMunicipalityRečica ob Savinji
0%
LuxembourgCantonRedange
0%
GrecjaRegionRegion Macedonia
Wschodnia i Tracja
0%
GrecjaRegionRegion Wyspy Egejskie Północne
0%
GrecjaRegionRegion Wyspy Egejskie Południowe
0%
LuxembourgCantonRemich
0%
SloveniaMunicipalityRenče–Vogrsko
0%
IslandiaMunicipalityReykhólahreppur
0%
IslandiaMunicipalityReykjanesbær
0%
ŁotwaMunicipalityRēzekne
0%
ŁotwaMunicipalityRēzekne
0%
MoldovaDistrictRezina
0%
ŁotwaMunicipalityRiebiņi
0%
MoldovaDistrictRîșcani
0%
SloveniaMunicipalityRogašovci
0%
SloveniaMunicipalityRogatec
0%
ŁotwaMunicipalityRoja
0%
ŁotwaMunicipalityRopaži
0%
IrlandiaCountyRoscommon
0%
North MacedoniaMunicipalityRosoman
0%
MontenegroMunicipalityRožaje
0%
ŁotwaMunicipalityRucava
0%
ŁotwaMunicipalityRugāji
0%
LiechtensteinMunicipalityRuggell
0%
ŁotwaMunicipalityRūjiena
0%
ŁotwaMunicipalityRundāle
0%
ŁotwaMunicipalitySala
0%
ŁotwaMunicipalitySalacgrīva
0%
RomaniaCountySălaj
0%
ŁotwaMunicipalitySalaspils
0%
ŁotwaMunicipalitySaldus
0%
SloveniaMunicipalityŠalovci
0%
ŁotwaMunicipalitySaulkrasti
0%
MontenegroMunicipalityŠavnik
0%
LiechtensteinMunicipalitySchellenberg
0%
ŁotwaMunicipalitySēja
0%
SloveniaMunicipalitySelnica ob Dravi
0%
IslandiaMunicipalitySeltjarnarnes
0%
SloveniaMunicipalitySemič
0%
SloveniaMunicipalityŠempeter-Vrtojba
0%
SloveniaMunicipalityŠentilj
0%
SloveniaMunicipalityŠentjernej
0%
SloveniaMunicipalityŠentjur
0%
SloveniaMunicipalityŠentrupert
0%
SloveniaMunicipalitySevnica
0%
IslandiaMunicipalitySeyðisfjörður
0%
SloveniaMunicipalitySežana
0%
RomaniaCountySibiu
0%
MoldovaDistrictSîngerei
0%
IslandiaMunicipalitySkaftárhreppur
0%
IslandiaMunicipalitySkagabyggð
0%
IslandiaMunicipalitySkagafjörður
0%
IslandiaMunicipalitySkagaströnd
0%
IslandiaMunicipalitySkeiða- og Gnúpverjahreppur
0%
SloveniaMunicipalityŠkocjan
0%
SloveniaMunicipalityŠkofljica
0%
IslandiaMunicipalitySkorradalshreppur
0%
ŁotwaMunicipalitySkrīveri
0%
ŁotwaMunicipalitySkrunda
0%
IslandiaMunicipalitySkútustaðahreppur
0%
SloveniaMunicipalitySlovenske Konjice
0%
SloveniaMunicipalityŠmarje pri Jelšah
0%
SloveniaMunicipalityŠmarješke Toplice
0%
SloveniaMunicipalityŠmartno ob Paki
0%
SloveniaMunicipalityŠmartno pri Litiji
0%
ŁotwaMunicipalitySmiltene
0%
BułgariaProvinceSmolyan
0%
IslandiaMunicipalitySnæfellsbær
0%
SloveniaMunicipalitySodražica
0%
MoldovaDistrictȘoldănești
0%
North MacedoniaMunicipalitySopiszte
0%
MoldovaDistrictSoroki
0%
SloveniaMunicipalityŠoštanj
0%
SloveniaMunicipalitySredišče ob Dravi
0%
SerbiaDistrictsremski
0%
SerbiaDistrictśrodkowobanacki
0%
SerbiaDistrictStara Moravica
0%
SloveniaMunicipalityStarše
0%
MoldovaDistrictȘtefan Vodă
0%
ŁotwaMunicipalityStopiņi
0%
SloveniaMunicipalityŠtore
0%
IslandiaMunicipalityStrandabyggð
0%
MoldovaDistrictStraszany
0%
SloveniaMunicipalityStraža
0%
ŁotwaMunicipalityStrenči
0%
North MacedoniaMunicipalityStudeniczani
0%
IslandiaMunicipalityStykkishólmur
0%
IslandiaMunicipalitySúðavíkurhreppur
0%
IslandiaMunicipalitySuðurnesjabær
0%
North MacedoniaMunicipalityŠuto Orizari
0%
IslandiaMunicipalitySvalbarðshreppur
0%
IslandiaMunicipalitySvalbarðsstrandarhreppur
0%
SloveniaMunicipalitySveta Ana
0%
SloveniaMunicipalitySveta Trojica v Slovenskih Goricah
0%
SloveniaMunicipalitySveti Andraž v Slovenskih Goricah
0%
SloveniaMunicipalitySveti Jurij ob Ščavnici
0%
SloveniaMunicipalitySveti Jurij v Slovenskih Goricah
0%
SloveniaMunicipalitySveti Tomaž
0%
North MacedoniaMunicipalitySweti Nikole
0%
WęgryCountySzabolcs-Szatmár-Bereg
0%
SerbiaDistrictszumadijski
0%
SloveniaMunicipalityTabor
0%
IslandiaMunicipalityTálknafjarðarhreppur
0%
ŁotwaMunicipalityTalsi
0%
MoldovaDistrictTaraclia
0%
North MacedoniaMunicipalityTearce
0%
MoldovaDistrictTelenești
0%
ŁotwaMunicipalityTērvete
0%
IslandiaMunicipalityÞingeyjarsveit
0%
IrlandiaCountyTipperary
0%
SloveniaMunicipalityTišina
0%
IslandiaMunicipalityTjörneshreppur
0%
SerbiaDistricttoplicki
0%
SloveniaMunicipalityTrebnje
0%
LiechtensteinMunicipalityTriesen
0%
LiechtensteinMunicipalityTriesenberg
0%
SloveniaMunicipalityTrnovska Vas
0%
SloveniaMunicipalityTrzin
0%
ŁotwaMunicipalityTukums
0%
RomaniaCountyTulcea
0%
SloveniaMunicipalityTurnišče
0%
MontenegroMunicipalityTuzi
0%
MontenegroMunicipalityUlcinj
0%
MoldovaDistrictUngheni
0%
ŁotwaMunicipalityVaiņode
0%
ŁotwaMunicipalityValka
0%
ŁotwaMunicipalityVarakļāni
0%
ŁotwaMunicipalityVārkava
0%
RomaniaCountyVaslui
0%
ŁotwaMunicipalityVecpiebalga
0%
ŁotwaMunicipalityVecumnieki
0%
SloveniaMunicipalityVelika Polana
0%
ŁotwaMunicipalityVentspils
0%
ŁotwaMunicipalityVentspils
0%
SloveniaMunicipalityVeržej
0%
IslandiaMunicipalityVesturbyggð
0%
North MacedoniaMunicipalityVevchani
0%
LuxembourgCantonVianden
0%
SloveniaMunicipalityVidem
0%
ŁotwaMunicipalityViesīte
0%
ŁotwaMunicipalityViļaka
0%
ŁotwaMunicipalityViļāni
0%
North MacedoniaMunicipalityVinica
0%
SloveniaMunicipalityVipava
0%
ChorwacjaCountyvirowiticko-podrawska
0%
SloveniaMunicipalityVitanje
0%
SloveniaMunicipalityVodice
0%
IslandiaMunicipalityVogar
0%
SloveniaMunicipalityVojnik
0%
IslandiaMunicipalityVopnafjarðarhreppur
0%
RomaniaCountyVrancea
0%
North MacedoniaMunicipalityVrapčište
0%
SloveniaMunicipalityVrhnika
0%
SloveniaMunicipalityVuzenica
0%
North MacedoniaMunicipalityWałandowo
0%
North MacedoniaMunicipalityWasiłewo
0%
IrlandiaCountyWicklow
0%
LuxembourgCantonWiltz
0%
GrecjaRegionZachodnia Macedonia
0%
SerbiaDistrictzachodniobacki
0%
SerbiaDistrictZaječar
0%
SloveniaMunicipalityŽalec
0%
SloveniaMunicipalityZavrč
0%
North MacedoniaMunicipalityZełenikowo
0%
North MacedoniaMunicipalityŻelino
0%
SloveniaMunicipalityŽetale
0%
North MacedoniaMunicipalityZhupa
0%
ŁotwaMunicipalityZilupe
0%
SloveniaMunicipalityŽiri
0%
SloveniaMunicipalityŽirovnica
0%
SerbiaDistrictZlatibor
0%
SloveniaMunicipalityZreče
0%
North MacedoniaMunicipalityZrnowci
0%
SloveniaMunicipalityŽužemberk
0%

Rozkład punktacji

Percentyl według liczby udzielonych odpowiedzi

Procent ludzi z każdym wynikiem

Twoja historia wyników

Nie rozwiązałeś tego quizu od ostatniego zresetowania